| 000 | 00434nam a2200109Ia 4500 | ||
|---|---|---|---|
| 008 | 160909s9999 xx 000 0 und d | ||
| 100 | _aMoore, Roxanne Rose | ||
| 245 | _aExamining relationships between the quality of early postnatal mother-infant feeding interactions and infant somatic growth | ||
| 260 |
_bFielding Graduate University _c2016 |
||
| 650 | _aNursing | ||
| 856 | _uhttp://pqdtopen.proquest.com/doc/1776605979.html?FMT=ABS | ||
| 999 |
_c303968 _d303968 |
||